000
00304nam a22001337a 4500
008
171227b xxu||||| |||| 00| 0 eng d
020
_a
9780312607845
041
_a
eng
080
_2
6 ED
_a
37
100
_a
40
101
_a
EDU
245
_a
THE ST MARTIN HANDBOOK
_c
LUNSFORD.A.A
942
_2
udc
_c
BK
999
_c
39476
_d
39476